LEADER 04646nam 22006734a 450 001 9910822888103321 005 20200520144314.0 010 $a9786612003509 010 $a9781282003507 010 $a128200350X 010 $a9780470255773 010 $a0470255773 010 $a9780470255759 010 $a0470255757 035 $a(CKB)1000000000579219 035 $a(EBL)406448 035 $a(OCoLC)437247202 035 $a(SSID)ssj0000100676 035 $a(PQKBManifestationID)11121987 035 $a(PQKBTitleCode)TC0000100676 035 $a(PQKBWorkID)10037651 035 $a(PQKB)11574782 035 $a(MiAaPQ)EBC406448 035 $a(Au-PeEL)EBL406448 035 $a(CaPaEBR)ebr10275754 035 $a(CaONFJC)MIL200350 035 $a(OCoLC)163707397 035 $a(FINmELB)ELB177478 035 $a(Perlego)2751062 035 $a(EXLCZ)991000000000579219 100 $a20070806d2008 uy 0 101 0 $aeng 135 $aur|n|---||||| 181 $ctxt 182 $cc 183 $acr 200 10$aAir pollution control equipment calculations /$fLouis Theodore 205 $a1st ed. 210 $aHoboken, N.J. $cJohn Wiley & Sons$dc2008 215 $a1 online resource (588 p.) 300 $aDescription based upon print version of record. 311 08$a9780470209677 311 08$a0470209674 327 $aAIR POLLUTION CONTROL EQUIPMENT CALCULATIONS; CONTENTS; PREFACE; INTRODUCTION; 1 AIR POLLUTION HISTORY; 2 AIR POLLUTION REGULATORY FRAMEWORK; 2.1 Introduction; 2.2 The Regulatory System; 2.3 Laws and Regulations: The Differences; 2.4 The Clean Air Act; 2.5 Provisions Relating to Enforcement; 2.6 Closing Comments and Recent Developments; 3 FUNDAMENTALS: GASES; 3.1 Introduction; 3.2 Measurement Fundamentals; 3.3 Chemical and Physical Properties; 3.4 Ideal Gas Law; 3.5 Phase Equilibrium; 3.6 Conservation Laws; Problems; 4 INCINERATORS; 4.1 Introduction; 4.2 Design and Performance Equations 327 $a4.3 Operation and Maintenance, and Improving PerformanceProblems; 5 ABSORBERS; 5.1 Introduction; 5.2 Design and Performance Equations; 5.3 Operation and Maintenance, and Improving Performance; Problems; 6 ADSORBERS; 6.1 Introduction; 6.2 Design and Performance Equations; 6.3 Operation and Maintenance, and Improving Performance; Problems; 7 FUNDAMENTALS: PARTICULATES; 7.1 Introduction; 7.2 Particle Collection Mechanisms; 7.3 Fluid-Particle Dynamics; 7.4 Particle Sizing and Measurement Methods; 7.5 Particle Size Distribution; 7.6 Collection Efficiency; Problems; 8 GRAVITY SETTLING CHAMBERS 327 $a8.1 Introduction8.2 Design and Performance Equations; 8.3 Operation and Maintenance, and Improving Performance; Problems; 9 CYCLONES; 9.1 Introduction; 9.2 Design and Performance Equations; 9.3 Operation and Maintenance, and Improving Performance; Problems; 10 ELECTROSTATIC PRECIPITATORS; 10.1 Introduction; 10.2 Design and Performance Equations; 10.3 Operation and Maintenance, and Improving Performance; Problems; 11 VENTURI SCRUBBERS; 11.1 Introduction; 11.2 Design and Performance Equations; 11.3 Operation and Maintenance, and Improving Performance; Problems; 12 BAGHOUSES; 12.1 Introduction 327 $a12.2 Design and Performance Equations12.3 Operation and Maintenance, and Improving Performance; Problems; APPENDIX A HYBRID SYSTEMS; A.1 Introduction; A.2 Wet Electrostatic Precipitators; A.3 Ionizing Wet Scrubbers; A.4 Dry Scrubbers; A.5 Electrostatically Augmented Fabric Filtration; APPENDIX B SI UNITS; B.1 The Metric System; B.2 The SI System; B.3 SI Multiples and Prefixes; B.4 Conversion Constants (SI); APPENDIX C EQUIPMENT COST MODEL; INDEX 330 $aUnique problem-and-solution approach for quickly mastering a broad range of calculations This book's problem-and-solution approach enables readers to quickly grasp the fundamentals of air pollution control equipment and essential applications. Moreover, the author sets forth solid principles for the design and selection of air pollution control equipment as well as for its efficient operation and maintenance. Readers gain a deep understanding of both the equipment itself and the many factors affecting performance. Following two introductory chapters, the book dedicates four chapters 606 $aAir$xPurification$xEquipment and supplies 615 0$aAir$xPurification$xEquipment and supplies. 676 $a628.5/3 700 $aTheodore$b Louis$0338019 801 0$bMiAaPQ 801 1$bMiAaPQ 801 2$bMiAaPQ 906 $aBOOK 912 $a9910822888103321 996 $aAir pollution control equipment calculations$9104359 997 $aUNINA LEADER 02396nam 2200589z- 450 001 9910557641403321 005 20211118 035 $a(CKB)5400000000045039 035 $a(oapen)https://directory.doabooks.org/handle/20.500.12854/73109 035 $a(oapen)doab73109 035 $a(EXLCZ)995400000000045039 100 $a20202111d2019 |y 0 101 0 $aeng 135 $aurmn|---annan 181 $ctxt$2rdacontent 182 $cc$2rdamedia 183 $acr$2rdacarrier 200 00$aNeuronal Co-transmission 210 $cFrontiers Media SA$d2019 215 $a1 online resource (184 p.) 311 08$a2-88945-945-4 330 $aThis eBook is a collection of articles from a Frontiers Research Topic. Frontiers Research Topics are very popular trademarks of the Frontiers Journals Series: they are collections of at least ten articles, all centered on a particular subject. With their unique mix of varied contributions from Original Research to Review Articles, Frontiers Research Topics unify the most influential researchers, the latest key findings and historical advances in a hot research area! Find out more on how to host your own Frontiers Research Topic or contribute to one as an author by contacting the Frontiers Editorial Office: frontiersin.org/about/contact 606 $aNeurosciences$2bicssc 606 $aScience: general issues$2bicssc 610 $aCo-existence 610 $aco-localization 610 $aco-release 610 $aco-transmission 610 $amonoamines 610 $aNeuropeptides 610 $aNeurotransmitter complexity 610 $aNeurotransmitter segregation 615 7$aNeurosciences 615 7$aScience: general issues 700 $aApergis-Schoute$b John$4edt$01289259 702 $aBurnstock$b Geoffrey$4edt 702 $aNusbaum$b Michael P$4edt 702 $aParker$b David$4edt 702 $aMorales$b Miguel A$4edt 702 $aTrudeau$b Louis-Eric$4edt 702 $aSvensson$b Erik$4edt 702 $aApergis-Schoute$b John$4oth 702 $aBurnstock$b Geoffrey$4oth 702 $aNusbaum$b Michael P$4oth 702 $aParker$b David$4oth 702 $aMorales$b Miguel A$4oth 702 $aTrudeau$b Louis-Eric$4oth 702 $aSvensson$b Erik$4oth 906 $aBOOK 912 $a9910557641403321 996 $aNeuronal Co-transmission$93021154 997 $aUNINA